[Event "New"]
[Site "New"]
[Date "1990.??.??"]
[Round "19"]
[White "Karpov, Anatoly"]
[Black "Kasparov, Gary"]
[Result "1/2-1/2"]
[WhiteElo "2730"]
[BlackElo "2800"]
[PlyCount "78"]
[EventDate "1990.??.??"]
[Source "www.chesslib.no"]
[SourceDate "2004.05.04"]

1. d4 Nf6 2. c4 g6 3. Nc3 Bg7 4. e4 d6 5. Nf3 O-O 6. Be2 e5 7. Be3 c6 8. d5 Ng4 9. Bg5 f6 10. Bh4 Na6 11. Nd2 Nh6 12. a3 Nf7 13. f3 Bh6 14. Bf2 f5 15. Qc2 Bd7 16. b4 c5 17. Rb1 b6 18. Nf1 Bf4 19. g3 Bh6 20. h4 Nc7 21. g4 fxg4 22. fxg4 Bf4 23. Ne3 Ne8 24. Ncd1 h6 25. h5 g5 26. Rg1 Nf6 27. Rg2 Qc8 28. Kf1 Nd8 29. Kg1 Nb7 30. Kh1 cxb4 31. axb4 a5 32. Nf5 Bxf5 33. exf5 axb4 34. Rxb4 Nc5 35. Rxb6 Nce4 36. Rc6 Qd7 37. Be1 Ra1 38. Bf3 Nc5 39. Bc3 Rc1 1/2-1/2

[Event "New York"]
[Site "?"]
[Date "1990.??.??"]
[Round "11"]
[White "Karpov, Anatoly"]
[Black "Kasparov, Gary"]
[Result "1/2-1/2"]
[WhiteElo "2730"]
[BlackElo "2800"]
[PlyCount "53"]
[EventDate "1990.??.??"]
[Source "www.chesslib.no"]
[SourceDate "2004.05.04"]

1. d4 Nf6 2. c4 g6 3. Nc3 Bg7 4. e4 d6 5. Nf3 O-O 6. Be2 e5 7. Be3 exd4 8. Nxd4 Re8 9. f3 c6 10. Qd2 d5 11. exd5 cxd5 12. O-O Nc6 13. c5 Rxe3 14. Qxe3 Qf8 15. Nxc6 bxc6 16. Kh1 Rb8 17. Na4 Rb4 18. b3 Be6 19. Nb2 Nh5 20. Nd3 Rh4 21. Qf2 Qe7 22. g4 Bd4 23. Qxd4 Rxh2+ 24. Kxh2 Qh4+ 25. Kg2 Qg3+ 26. Kh1 Qh3+ 27. Kg1 1/2-1/2

[Event "Wch"]
[Site "?"]
[Date "1990.??.??"]
[Round "?"]
[White "Karpov, Anatoly"]
[Black "Kasparov, Gary"]
[Result "1-0"]
[WhiteElo "2730"]
[BlackElo "2800"]
[PlyCount "29"]
[EventDate "1990.??.??"]
[Source "www.chesslib.no"]
[SourceDate "2004.05.04"]

1. d4 Nf6 2. c4 g6 3. Nc3 Bg7 4. e4 O-O 5. Nf3 d6 6. Be2 e5 7. Be3 Qe7 8. dxe5 dxe5 9. Nd5 Qd8 10. Bc5 Nxe4 11. Be7 Qd7 12. Bxf8 Kxf8 13. Qc2 Nc5 14. Rd1 Nc6 15. O-O 1-0

[Event "Lyon"]
[Site "?"]
[Date "1990.??.??"]
[Round "19"]
[White "Karpov, Anatoly"]
[Black "Kasparov, Gary"]
[Result "1/2-1/2"]
[WhiteElo "2730"]
[BlackElo "2800"]
[PlyCount "122"]
[EventDate "1990.??.??"]
[Source "www.chesslib.no"]
[SourceDate "2004.05.04"]

1. d4 Nf6 2. c4 g6 3. Nc3 Bg7 4. e4 d6 5. Nf3 O-O 6. Be2 e5 7. Be3 c6 8. d5 Ng4 9. Bg5 f6 10. Bh4 Na6 11. Nd2 Nh6 12. a3 Nf7 13. f3 Bh6 14. Bf2 f5 15. Qc2 Bd7 16. b4 c5 17. Rb1 b6 18. Nf1 Bf4 19. g3 Bh6 20. h4 Nc7 21. g4 fxg4 22. fxg4 Bf4 23. Ne3 Ne8 24. Ncd1 h6 25. h5 g5 26. Rg1 Nf6 27. Rg2 Qc8 28. Kf1 Nd8 29. Kg1 Nb7 30. Kh1 cxb4 31. axb4 a5 32. Nf5 Bxf5 33. exf5 axb4 34. Rxb4 Nc5 35. Rxb6 Nce4 36. Rc6 Qb7 37. Be1 Ra1 38. Bf3 Nc5 39. Bc3 Rc1 40. Qb2 Qa7 41. Qa2 Qa4 42. Qxa4 Nxa4 43. Bb4 e4 44. Be2 Nb2 45. Rg1 Rc2 46. Rg2 Nxd1 47. Bxd1 Rc1 48. Rg1 Ra8 49. Bxd6 Raa1 50. Rc8+ Kf7 51. Rc7+ Ke8 52. Ba4+ Rxa4 53. Rxc1 Bxc1 54. Be7 Nxg4 55. d6 Ra1 56. Rc8+ Kf7 57. Rf8+ Kg7 58. d7 Bf4+ 59. Kg2 Ra2+ 60. Kh3 Rh2+ 61. Kxg4 Rh4# 1/2-1/2

[Event "Reggio Emilia"]
[Site "?"]
[Date "1991.??.??"]
[Round "?"]
[White "Kasparov, Garry"]
[Black "Ivanchuk, V."]
[Result "1-0"]
[WhiteElo "2770"]
[BlackElo "2735"]
[PlyCount "63"]
[EventDate "1991.??.??"]
[Source "ChessBase"]
[SourceDate "1991.10.01"]

1. c4 Nf6 2. Nf3 g6 3. Nc3 Bg7 4. e4 d6 5. d4 O-O 6. Be2 e5 7. Be3 c6 8. Qd2 Nbd7 9. Rd1 Re8 10. d5 cxd5 11. cxd5 a6 12. O-O b5 13. Qc2 Nb6 14. a4 bxa4 15. Nxa4 Nxa4 16. Qxa4 Rb8 17. Nd2 Ng4 18. Ba7 Rxb2 19. Bxa6 Re7 20. Bxc8 Qxc8 21. h3 Qa8 22. Ra1 Nf6 23. Nc4 Rbb7 24. Be3 Qb8 25. Na5 Rb4 26. Qd1 Rxe4 27. Nc6 Qf8 28. Nxe7+ Qxe7 29. Ra8+ Bf8 30. Qf3 Rxe3 31. fxe3 Nd7 32. Rb1 1-0

[Event "Linares"]
[Site "?"]
[Date "1992.??.??"]
[Round "?"]
[White "Gelfand, B."]
[Black "Kasparov, Garry"]
[Result "0-1"]
[WhiteElo "2665"]
[BlackElo "2780"]
[PlyCount "121"]
[EventDate "1992.??.??"]
[Source "ChessBase"]
[SourceDate "1992.02.01"]

1. d4 Nf6 2. c4 g6 3. Nc3 Bg7 4. e4 d6 5. Be2 O-O 6. Nf3 e5 7. Be3 c6 8. Qd2 exd4 9. Nxd4 Re8 10. f3 d5 11. exd5 cxd5 12. O-O Nc6 13. c5 Rxe3 14. Qxe3 Qf8 15. Ncb5 Qxc5 16. Rac1 Qb6 17. Qf2 Bd7 18. Rfd1 Re8 19. Bf1 Bh6 20. Rc3 Nb4 21. Nc2 Qxf2+ 22. Kxf2 Nxc2 23. Rxc2 Be3+ 24. Ke1 Bf4+ 25. Kf2 Be3+ 26. Ke1 Bg1+ 27. Kd2 Bxh2 28. Re1 Rd8 29. Kd1 Bf4 30. Nd4 a6 31. Bd3 h5 32. Rc3 h4 33. Bc2 Bg3 34. Re2 Kg7 35. Rb3 Rb8 36. Rd2 b5 37. Ra3 Rb6 38. b4 Bd6 39. Rb3 Nh5 40. Ne2 Be6 41. a3 g5 42. Nd4 Kf6 43. Nxe6 fxe6 44. Bd3 Nf4 45. Rc3 d4 46. Rc8 Nd5 47. Ke2 Bf4 48. Rdc2 Ne3 49. Kf2 Bg3+ 50. Kg1 Nxc2 51. Rxc2 g4 52. fxg4 Kg5 53. Kf1 e5 54. Ke2 Kxg4 55. Rc8 Rf6 56. Be4 Rf2+ 57. Kd3 Bf4 58. Rg8+ Kh5 59. Bd5 Bg5 60. Ke4 Rxg2 61. Kxe5 0-1

[Event "Wien"]
[Site "?"]
[Date "1996.??.??"]
[Round "?"]
[White "Shirov, A."]
[Black "Topalov, Veselin"]
[Result "0-1"]
[WhiteElo "2685"]
[BlackElo "2750"]
[PlyCount "80"]
[EventDate "1996.??.??"]
[Source "ChessBase"]
[SourceDate "1996.06.01"]

1. d4 Nf6 2. c4 g6 3. Nc3 Bg7 4. e4 d6 5. Be2 O-O 6. Nf3 e5 7. Be3 c6 8. Qd2 Qe7 9. d5 cxd5 10. cxd5 Ng4 11. Bg5 f6 12. Bh4 Na6 13. O-O Nh6 14. Ne1 Nf7 15. Bxa6 bxa6 16. Nc2 Rb8 17. Ne3 a5 18. Rfc1 h5 19. f3 Bh6 20. Ncd1 Ng5 21. Qxa5 f5 22. Qe1 fxe4 23. fxe4 Rf4 24. Bxg5 Qxg5 25. Rc4 Ba6 26. Rc6 Bd3 27. Rac1 Rbf8 28. Rc8 Bxe4 29. Nf2 R4f7 30. Rxf8+ Rxf8 31. Rc3 Qf4 32. Qe2 Bb1 33. a3 Qd4 34. g3 a5 35. Qe1 e4 36. Kg2 Bd3 37. Nfd1 Qf6 38. h4 g5 39. Nf2 Qf3+ 40. Kg1 gxh4 0-1

[Event "Corr"]
[Site "?"]
[Date "2002.01.15"]
[Round "?"]
[White "Rause Mrs.Olita (LAT)"]
[Black "Oosterom Joop J.van (NED)"]
[Result "1/2-1/2"]
[WhiteElo "2708"]
[BlackElo "2714"]
[PlyCount "80"]
[EventDate "2002.??.??"]
[Source "www.chesslib.no"]
[SourceDate "2004.05.04"]

1. d4 Nf6 2. c4 g6 3. Nf3 Bg7 4. Nc3 O-O 5. e4 d6 6. Be2 e5 7. Be3 Na6 8. O-O Ng4 9. Bg5 Qe8 10. h3 h6 11. Bh4 exd4 12. Nxd4 Nf6 13. Bf3 Nh7 14. Qd2 Ng5 15. Bxg5 hxg5 16. Rad1 Qe5 17. Rfe1 c6 18. Bg4 Bxg4 19. hxg4 Rad8 20. Nf3 Qf4 21. Qxf4 gxf4 22. Na4 Rfe8 23. g5 Kf8 24. a3 b5 25. cxb5 cxb5 26. Nc3 Bxc3 27. bxc3 Nc5 28. e5 Na4 29. Rd4 dxe5 30. Nxe5 Kg7 31. Rxf4 Rd5 32. Rxf7+ Kg8 33. Rf6 Rdxe5 34. Rxe5 Rxe5 35. Rxg6+ Kh7 36. Rh6+ Kg7 37. f4 Rf5 38. g3 Nxc3 39. Ra6 Ne2+ 40. Kf2 Nxf4 1/2-1/2

[Event "It, Novgorod RUS"]
[Site "Novgorod"]
[Date "1996.??.??"]
[Round "?"]
[White "Gelfand, B."]
[Black "Topalov, V."]
[Result "1/2-1/2"]
[WhiteElo "2665"]
[BlackElo "2750"]
[PlyCount "121"]
[EventDate "1996.??.??"]
[Source "www.chesslib.no"]
[SourceDate "2004.05.04"]

1. d4 Nf6 2. Nf3 g6 3. c4 Bg7 4. Nc3 O-O 5. e4 d6 6. Be2 e5 7. Be3 c6 8. d5 Na6 9. O-O Ng4 10. Bg5 f6 11. Bd2 f5 12. Ng5 Nf6 13. exf5 gxf5 14. f4 e4 15. Be3 c5 16. Nh3 Ng4 17. Bxg4 fxg4 18. Nf2 Bxc3 19. bxc3 h5 20. Qe2 Bf5 21. Bd2 Nc7 22. Nd1 Rf7 23. Ne3 Qf6 24. Rab1 Ne8 25. Qd1 Rc8 26. Rb2 Ng7 27. Be1 Re8 28. Qa4 b6 29. Re2 Ree7 30. Qb3 Bc8 31. Qc2 Nf5 32. Nxf5 Bxf5 33. Re3 Re8 34. Bf2 Rh7 35. Qd2 Qd8 36. Qc2 Rf8 37. Ra1 Bg6 38. g3 Bf5 39. Qb3 Rb7 40. Re2 e3 41. Rxe3 Re8 42. Rxe8+ Qxe8 43. Qb5 Re7 44. Qc6 Qxc6 45. dxc6 Bc2 46. Rc1 Ba4 47. Re1 Kf7 48. Be3 Bxc6 49. Kf2 Be4 50. Rd1 Re6 51. Rd2 Ke7 52. a4 Kd8 53. a5 Kc7 54. axb6+ Kxb6 55. Rb2+ Kc7 56. Ra2 Kb8 57. Rd2 a6 58. f5 Bxf5 59. Bf4 Kb7 60. Bxd6 Kc6 61. Bxc5 1/2-1/2

[Event "EU-chT (Men)"]
[Site "Batumi"]
[Date "1999.12.01"]
[Round "3.1"]
[White "Gelfand, Boris"]
[Black "Fedorov, Alexei"]
[Result "0-1"]
[WhiteElo "2713"]
[BlackElo "2659"]
[PlyCount "109"]
[EventDate "1999.11.06"]
[Source "ChessBase"]
[SourceDate "2000.02.01"]

1. d4 Nf6 2. c4 g6 3. Nc3 Bg7 4. e4 d6 5. Be2 O-O 6. Nf3 e5 7. Be3 Ng4 8. Bg5 f6 9. Bh4 Nc6 10. d5 Ne7 11. Nd2 h5 12. h3 Nh6 13. g4 hxg4 14. hxg4 Nf7 15. Qc2 c5 16. O-O-O a6 17. Rdf1 b5 18. Bg3 Bh6 19. f4 b4 20. Nd1 exf4 21. Bxf4 Bxf4 22. Rxf4 Kg7 23. Rf2 Rh8 24. Rfh2 Rxh2 25. Rxh2 Bd7 26. Qd3 Ng8 27. Nf2 Ngh6 28. Qg3 Qe7 29. Nf3 Re8 30. Qf4 a5 31. Rh1 a4 32. Bd3 a3 33. b3 Rh8 34. Rg1 Ng5 35. Nxg5 fxg5 36. Qg3 Nf7 37. Bc2 Rh4 38. e5 Qxe5 39. Qxe5+ Nxe5 40. Ne4 Nf7 41. Bd1 Rh2 42. Kb1 Rb2+ 43. Ka1 Rh2 44. Kb1 Rh3 45. Re1 Rh4 46. Rg1 Kf8 47. Rf1 Ke7 48. Re1 Kd8 49. Rf1 Bxg4 50. Rxf7 Bf5 51. Rxf5 gxf5 52. Nxd6 Rh1 53. Kc1 g4 54. Nxf5 Rg1 55. Kd2 0-1

[Event "Skelleftea GMA"]
[Site "Skelleftea"]
[Date "1989.??.??"]
[Round "?"]
[White "Kasparov, G."]
[Black "Nunn, J."]
[Result "1/2-1/2"]
[WhiteElo "2755"]
[BlackElo "2585"]
[PlyCount "93"]
[EventDate "1989.??.??"]
[Source "www.chesslib.no"]
[SourceDate "2004.05.04"]

1. d4 Nf6 2. c4 g6 3. Nc3 Bg7 4. e4 d6 5. Nf3 O-O 6. Be2 e5 7. Be3 h6 8. O-O Ng4 9. Bc1 Nc6 10. d5 Ne7 11. Ne1 f5 12. Bxg4 fxg4 13. Nc2 g5 14. Ne3 Rf4 15. Bd2 Bd7 16. b4 Qf8 17. Qc2 Qf7 18. Rac1 Rf8 19. Nb5 Rxf2 20. Nxc7 Qf4 21. Nf5 Bxf5 22. Rxf2 Qxf2+ 23. Kxf2 Bxe4+ 24. Ke2 Bxc2 25. Rxc2 Rc8 26. c5 e4 27. Nb5 dxc5 28. d6 Nc6 29. Rxc5 Rd8 30. Rd5 a6 31. Nc7 Be5 32. b5 axb5 33. Nxb5 Kf7 34. Ke3 Bxh2 35. Kxe4 Ke6 36. Bc3 Bxd6 37. Rxd6+ Rxd6 38. Nxd6 Kxd6 39. Kf5 g3 40. Bg7 Ne7+ 41. Kg4 Ng8 42. Kf5 Ne7+ 43. Kg4 Ng8 44. Kf5 Ke7 45. Be5 Kf7 46. Bxg3 Ne7+ 47. Ke5 1/2-1/2

[Event "Russia 87/481"]
[Site "?"]
[Date "2003.??.??"]
[Round "?"]
[White "Onischuk, Al"]
[Black "Smirin, I."]
[Result "1-0"]
[WhiteElo "2647"]
[BlackElo "2662"]
[PlyCount "83"]
[EventDate "2003.??.??"]
[Source "Chess Informant"]
[SourceDate "2003.02.01"]

1. d4 Nf6 2. c4 g6 3. Nc3 Bg7 4. e4 d6 5. Nf3 O-O 6. Be2 e5 7. Be3 Ng4 8. Bg5 f6 9. Bh4 g5 10. Bg3 Nh6 11. h3 Nd7 12. d5 f5 13. exf5 Nc5 14. Nd2 Bxf5 15. O-O e4 16. Nb3 Nxb3 17. Qxb3 Bg6 18. Rae1 Re8 19. Qxb7 Nf5 20. Bg4 Rb8 21. Qa6 Rxb2 22. Bxf5 Bxf5 23. Nd1 Rb6 24. Qxa7 Bd4 25. Ne3 Bd7 26. Qa5 Qf6 27. Rb1 h5 28. Rxb6 Bxb6 29. Qd2 Rf8 30. Qe2 g4 31. h4 Qc3 32. Rb1 Ra8 33. Kh2 Qa3 34. Qc2 Bxe3 35. Qxe4 Bh6 36. Qg6+ Bg7 37. Re1 Kf8 38. Re4 Be8 39. Qe6 Be5 40. Qh6+ Kg8 41. Rxe5 dxe5 42. Bxe5 1-0

[Event "Geneva (Switzerland)"]
[Site "?"]
[Date "2004.01.27"]
[Round "3"]
[White "Burmakin Vladimir"]
[Black "Sutovsky Emil"]
[Result "1/2-1/2"]
[WhiteElo "2549"]
[BlackElo "2697"]
[PlyCount "37"]
[EventDate "2004.??.??"]
[Source "www.chesslib.no"]
[SourceDate "2004.05.04"]

1. d4 Nf6 2. Nf3 g6 3. c4 Bg7 4. Nc3 O-O 5. e4 d6 6. Be2 e5 7. Be3 h6 8. dxe5 Ng4 9. Bc1 Nxe5 10. Nd4 Nbc6 11. Nxc6 bxc6 12. c5 Be6 13. b3 Qh4 14. Nb5 dxc5 15. Nxc7 a5 16. Kf1 a4 17. a3 f5 18. Ke1 f4 19. Kf1 1/2-1/2

[Event "Ohrid 82/506"]
[Site "?"]
[Date "2001.??.??"]
[Round "?"]
[White "Georgiev, Ki"]
[Black "Nevednichy, V."]
[Result "0-1"]
[WhiteElo "2676"]
[BlackElo "2563"]
[PlyCount "80"]
[EventDate "2001.??.??"]
[Source "Chess Informant"]
[SourceDate "2001.06.01"]

1. d4 Nf6 2. c4 g6 3. Nc3 Bg7 4. e4 d6 5. Nf3 O-O 6. Be2 e5 7. Be3 Ng4 8. Bg5 f6 9. Bh4 Nc6 10. d5 Ne7 11. Nd2 Nh6 12. f3 c5 13. Rb1 g5 14. Bf2 f5 15. h3 Ng6 16. g4 fxg4 17. hxg4 Nh4 18. Rh2 Rf4 19. b4 b6 20. bxc5 dxc5 21. Be3 Qf6 22. Bxf4 exf4 23. Nb5 Bd7 24. Qb3 Nf7 25. Kd1 Ne5 26. Kc2 Bxb5 27. cxb5 c4 28. Qb4 Rc8 29. Rf2 h5 30. gxh5 g4 31. fxg4 f3 32. g5 Qxg5 33. Qd6 fxe2 34. Qe6+ Kh7 35. Qxc8 Qe3 36. Rxe2 Qxe2 37. Rg1 Qd3+ 38. Kd1 c3 39. Rxg7+ Kxg7 40. h6+ Kh7 0-1

[Event "Open"]
[Site "Geneve"]
[Date "2004.01.27"]
[Round "3"]
[White "Burmakin, Vladimir"]
[Black "Sutovsky, Emil"]
[Result "1/2-1/2"]
[WhiteElo "2590"]
[BlackElo "2646"]
[PlyCount "141"]
[EventDate "2004.??.??"]
[Source "Roberto Alvarez"]
[SourceDate "2004.02.23"]

1. d4 Nf6 2. Nf3 g6 3. c4 Bg7 4. Nc3 O-O 5. e4 d6 6. Be2 e5 7. Be3 h6 8. dxe5 Ng4 9. Bc1 Nxe5 10. Nd4 Nbc6 11. Nxc6 bxc6 12. O-O c5 13. Be3 Be6 14. b3 Nc6 15. Qd2 Qh4 16. Rae1 Nd4 17. Bxd4 cxd4 18. Nb5 c5 19. f4 Qe7 20. f5 Bc8 21. Qf4 g5 22. f6 gxf4 23. fxe7 Re8 24. Nc7 Rxe7 25. Nxa8 Be5 26. Bd3 Bb7 27. b4 cxb4 28. Rb1 Bxa8 29. Rxb4 Bc6 30. a4 a5 31. Rb6 Bxa4 32. Ra1 Bc2 33. Bxc2 d3 34. Rb8+ Kg7 35. Ra2 dxc2 36. Rxc2 Ra7 37. Rb3 Bd4+ 38. Kf1 a4 39. Rf3 a3 40. Ra2 Bb2 41. Ke2 Kf6 42. Rd3 Ke5 43. Rd5+ Kxe4 44. Rxd6 Ra4 45. Rxh6 Rxc4 46. Rh3 Rc2+ 47. Kf1 Rc1+ 48. Kf2 Rc2+ 49. Kf1 Rc1+ 50. Kf2 Bd4+ 51. Ke2 Rg1 52. Raxa3 Rxg2+ 53. Kf1 Rg1+ 54. Ke2 Rg2+ 55. Kf1 Rg1+ 56. Ke2 f5 57. Rab3 Rg2+ 58. Kf1 Rf2+ 59. Ke1 f3 60. Rb4 Re2+ 61. Kf1 Rf2+ 62. Ke1 Re2+ 63. Kf1 Rd2 64. Rh4+ f4 65. Rxd4+ Rxd4 66. Rh8 Rd1+ 67. Kf2 Rd2+ 68. Kf1 Rd1+ 69. Kf2 Rd2+ 70. Kf1 f2 71. Ra8 1/2-1/2

[Event "Beograd"]
[Site "?"]
[Date "1991.??.??"]
[Round "?"]
[White "Sokolov, I."]
[Black "Gelfand, B."]
[Result "1-0"]
[WhiteElo "2570"]
[BlackElo "2665"]
[PlyCount "111"]
[EventDate "1991.??.??"]
[Source "ChessBase"]
[SourceDate "1991.10.01"]

1. d4 Nf6 2. c4 g6 3. Nc3 Bg7 4. e4 d6 5. Nf3 O-O 6. Be2 e5 7. Be3 Na6 8. O-O Ng4 9. Bg5 Qe8 10. h3 h6 11. Bc1 exd4 12. Nxd4 Nf6 13. Bf3 Nh7 14. Re1 Nc5 15. Be3 Qd8 16. Nb3 Ne6 17. Be2 Qh4 18. Bf1 f5 19. exf5 gxf5 20. g3 Qf6 21. Nd5 Qf7 22. Nd4 Nf6 23. Nxe6 Bxe6 24. Nxf6+ Qxf6 25. Qc2 Bd7 26. Rad1 Bc6 27. Bd4 Qg5 28. Bxg7 Qxg7 29. Bg2 Bxg2 30. Kxg2 f4 31. Re6 fxg3 32. fxg3 Rf6 33. Rxf6 Qxf6 34. Rf1 Qe6 35. Rf4 Re8 36. Rg4+ Kf8 37. Rf4+ Kg8 38. Qf2 Qe5 39. h4 Qe6 40. Kh2 Qg6 41. Qf3 h5 42. Rf5 Re3 43. Qd5+ Qe6 44. Qxe6+ Rxe6 45. Rg5+ Kf8 46. Rxh5 Re2+ 47. Kh3 Rxb2 48. Rh7 Rc2 49. Rxc7 b5 50. h5 bxc4 51. h6 Kg8 52. Kh4 d5 53. Kh5 Rxa2 54. g4 d4 55. g5 c3 56. h7+ 1-0